Highest Scores in the Big Bash League - Statistics

General Stats
  • This quiz has been taken 11 times
  • The average score is 16 of 30
Answer Stats
Score Balls Faced Team v. Opposition Ground Batsman % Correct
101 51 Brisbane Heat Hobart Hurricanes The Gabba CA Lynn
86%
98* 49 Brisbane Heat Perth Scorchers The WACA CA Lynn
86%
122* 69 Hobart Hurricanes Brisbane Heat The Gabba DJM Short
86%
97 63 Hobart Hurricanes Sydney Thunder Spotless Stadium DJM Short
86%
96 58 Hobart Hurricanes Adelaide Strikers Bellerive Oval DJM Short
86%
117 60 Melbourne Stars Hobart Hurricanes Bellerive Oval LJ Wright
86%
109* 63 Melbourne Stars Melbourne Renegades MCG LJ Wright
86%
105* 60 Perth Scorchers Melbourne Renegades The WACA M Klinger
86%
90* 58 Perth Scorchers Melbourne Renegades Docklands Stadium M Klinger
86%
111* 65 Melbourne Renegades Melbourne Stars Docklands Stadium AJ Finch
71%
102* 51 Sydney Thunder Melbourne Stars MCG DA Warner
57%
99* 52 Perth Scorchers Melbourne Renegades Docklands Stadium SE Marsh
57%
109* 70 Sydney Thunder Melbourne Stars MCG UT Khawaja
57%
104* 59 Sydney Thunder Adelaide Strikers Adelaide Oval UT Khawaja
57%
100* 54 Sydney Thunder Adelaide Strikers Spotless Stadium CH Gayle
43%
112 58 Perth Scorchers Sydney Sixers SCG CJ Simmons
43%
102 41 Perth Scorchers Adelaide Strikers The WACA CJ Simmons
43%
97* 55 Sydney Thunder Adelaide Strikers Spotless Stadium JH Kallis
43%
96 60 Sydney Thunder Brisbane Heat Spotless Stadium MEK Hussey
43%
103* 64 Melbourne Stars Perth Scorchers MCG PSP Handscomb
43%
91 61 Hobart Hurricanes Melbourne Stars Bellerive Oval TD Paine
43%
88 58 Melbourne Stars Adelaide Strikers Adelaide Oval BJ Hodge
29%
96 54 Hobart Hurricanes Sydney Thunder Bellerive Oval BR Dunk
29%
114 52 Hobart Hurricanes Melbourne Renegades Docklands Stadium BR McDermott
29%
99 51 Melbourne Stars Brisbane Heat The Gabba MP Stoinis
29%
97 60 Melbourne Stars Brisbane Heat The Gabba RJ Quiney
29%
101* 53 Adelaide Strikers Sydney Sixers Adelaide Oval TM Head
29%
89 52 Melbourne Renegades Sydney Sixers SCG AD Hales
14%
112* 70 Brisbane Heat Melbourne Renegades Docklands Stadium LA Pomersbach
14%
92* 44 Adelaide Strikers Melbourne Stars Adelaide Oval TP Ludeman
14%
No matching quizzes found
Score Distribution
Percent of People with Each Score
Percentile by Number Answered
Your Score History
You have not taken this quiz